Advances in genetics / (Record no. 69147)
[ view plain ]
| 000 -LEADER | |
|---|---|
| fixed length control field | 01594nam a2200409 a 4500 |
| 001 - CONTROL NUMBER | |
| control field | 69147 |
| 003 - CONTROL NUMBER IDENTIFIER | |
| rucl marc code | BD-RjUL |
| 005 - DATE AND TIME OF LATEST TRANSACTION | |
| control field | 20211209081844.0 |
| 008 - FIXED-LENGTH DATA ELEMENTS--GENERAL INFORMATION | |
| fixed length control field | 170410s2002 ne a ob 001 0 eng d |
| 020 ## - INTERNATIONAL STANDARD BOOK NUMBER | |
| International Standard Book Number | 9780080493541 |
| International Standard Book Number | 0080493548 |
| International Standard Book Number | 0120176475 |
| International Standard Book Number | 9780120176472 |
| 035 ## - SYSTEM CONTROL NUMBER | |
| System control number | (BD-RjUL)69358 |
| 040 ## - CATALOGING SOURCE | |
| Original cataloging agency | E7B |
| Language of cataloging | eng |
| Transcribing agency | E7B |
| Modifying agency | OCLCQ |
| -- | N$T |
| -- | YDXCP |
| -- | BTCTA |
| -- | UBY |
| -- | OCLCQ |
| -- | SFB |
| -- | OCLCQ |
| -- | OPELS |
| -- | OCLCQ |
| -- | OPELS |
| -- | OCLCF |
| -- | OCLCQ |
| -- | BD-RjUL |
| Description conventions | pn |
| 041 ## - LANGUAGE CODE | |
| Language code of text/sound track or separate title | eng |
| 072 #7 - SUBJECT CATEGORY CODE | |
| Subject category code | SCI |
| Subject category code subdivision | 027000 |
| Source | bisacsh |
| 082 04 - DEWEY DECIMAL CLASSIFICATION NUMBER | |
| Classification number | 575 |
| Edition number | 23 |
| Author mark and year | ADV 2002 |
| 245 00 - TITLE STATEMENT | |
| Title | Advances in genetics / |
| Statement of responsibility, etc. | Jeffrey C. Hall...[et. all] |
| 260 ## - PUBLICATION, DISTRIBUTION, ETC. (IMPRINT) | |
| Place of publication, distribution, etc. | Amsterdam : |
| Name of publisher, distributor, etc. | Academic Press, |
| Date of publication, distribution, etc. | 2002. |
| 300 ## - PHYSICAL DESCRIPTION | |
| Pagination | vii, 154 p. : |
| Illustrations | ill. ; |
| Size | 23 cm. |
| 490 1# - SERIES STATEMENT | |
| Series statement | Advances in genetics ; |
| Volume/sequential designation | 47 |
| 504 ## - BIBLIOGRAPHY, ETC. NOTE | |
| Bibliography, etc | Includes bibliographical references and index. |
| 505 0# - FORMATTED CONTENTS NOTE | |
| Formatted contents note | Targeted Expression of Tetanus Toxin: A New Tool to Study the Neurobiology of Behavior.<br>Germ-line Transformants Spreading Out to Many Insect Species.<br>Genes Mediating Sex-Specific Behaviors in Drosophila.<br>Evolutionary Analyses of Genes and Their Functional Implications.<br><br> |
| 506 0# - RESTRICTIONS ON ACCESS NOTE | |
| Standardized terminology for access restriction | NON_PRINT_LEGAL_DEPOSIT |
| 540 ## - TERMS GOVERNING USE AND REPRODUCTION NOTE | |
| Terms governing use and reproduction | COPYRIGHTED |
| 650 #0 - SUBJECT ADDED ENTRY--TOPICAL TERM | |
| Topical term or geographic name as entry element | Genetics. |
| 9 (RLIN) | 204855 |
| Topical term or geographic name as entry element | Biology. |
| 9 (RLIN) | 204856 |
| Topical term or geographic name as entry element | SCIENCE |
| General subdivision | Life Sciences |
| -- | Evolution. |
| Source of heading or term | bisacsh |
| 9 (RLIN) | 204857 |
| Topical term or geographic name as entry element | Biology. |
| Source of heading or term | fast |
| 9 (RLIN) | 204856 |
| Topical term or geographic name as entry element | Genetics. |
| Source of heading or term | fast |
| 9 (RLIN) | 204855 |
| 700 1# - ADDED ENTRY--PERSONAL NAME | |
| Personal name | Hall, Jeffrey C. |
| 830 #0 - SERIES ADDED ENTRY--UNIFORM TITLE | |
| Uniform title | Advances in genetics ; |
| Volume number/sequential designation | 47. |
| 942 ## - ADDED ENTRY ELEMENTS (KOHA) | |
| Source of classification or shelving scheme | Dewey Decimal Classification |
| Koha item type | Books |
| Lost status | Source of classification or shelving scheme | Damaged status | Not for loan | Collection code | Permanent Location | Current Location | Shelving location | Date acquired | Source of acquisition | Cost, normal purchase price | Total Checkouts | Full call number | Date last seen | Copy number | Koha item type |
|---|---|---|---|---|---|---|---|---|---|---|---|---|---|---|---|
| Dewey Decimal Classification | Not For Loan | Non-fiction | Central Library, University of Rajshahi | Central Library, University of Rajshahi | Reading Room | 23/07/2007 | Dhaka, Paragon Enterprise ltd. | 170.00 | 575 ADV 2002 | 10/04/2017 | C-1 | Books |